Nhịp điệu tuổi thơ
Giới thiệu những điệu múa tập thể với nhiều hình thức khác nhau như múa vòng, mua đôi, mua mời, mua diễu hành,...
Đã lưu trong:
| Tác giả chính: | |
|---|---|
| Định dạng: | Sách |
| Năm xuất bản: |
H.
Thanh niên
2001
|
| Chủ đề: | |
| Tags: |
Thêm thẻ
Không có thẻ, Hãy là người đầu tiên gắn thẻ bản ghi này!
|
| LEADER | 00728nam a2200181 4500 | ||
|---|---|---|---|
| 082 | |a 792.809597 |b NH313đ | ||
| 100 | |a Lê Xuân Hồng | ||
| 245 | |a Nhịp điệu tuổi thơ |c Lê Xuân Hồng | ||
| 260 | |a H. |b Thanh niên |c 2001 | ||
| 300 | |a 75 tr. |c 20 cm | ||
| 520 | |a Giới thiệu những điệu múa tập thể với nhiều hình thức khác nhau như múa vòng, mua đôi, mua mời, mua diễu hành,... | ||
| 653 | |a Âm nhạc | ||
| 653 | |a Múa | ||
| 653 | |a Bài hát thiếu nhi | ||
| 653 | |a Việt Nam | ||
| 942 | |2 ddc |c SH | ||
| 999 | |c 1972 |d 1972 | ||
| 952 | |0 0 |1 0 |2 ddc |4 0 |6 792_809597000000000_NH313Đ |7 0 |8 700 |9 29566 |a qbu |b qbu |c D5 |d 2014-12-11 |g 12000 |l 1 |o 792.809597 NH313đ |p 5241.c1 |r 2017-05-15 |s 2017-04-25 |w 2014-12-11 |y SH | ||